Uranium-bearing lignite and carbonaceous shale in the southwestern part of the Williston Basin; (Record no. 30029)
[ view plain ]
| 000 -LEADER | |
|---|---|
| fixed length control field | 01373cam a22003011 4500 |
| 001 - CONTROL NUMBER | |
| control field | gs 65000218 |
| 003 - CONTROL NUMBER IDENTIFIER | |
| control field | DLC |
| 005 - DATE AND TIME OF LATEST TRANSACTION | |
| control field | 20260227111416.0 |
| 008 - FIXED-LENGTH DATA ELEMENTS--GENERAL INFORMATION | |
| fixed length control field | 780204s1965 dcuab b f000 0 eng |
| 010 ## - LIBRARY OF CONGRESS CONTROL NUMBER | |
| LC control number | gs 65000218 |
| 035 ## - SYSTEM CONTROL NUMBER | |
| System control number | (OCoLC)3603842 |
| 040 ## - CATALOGING SOURCE | |
| Original cataloging agency | DLC |
| Transcribing agency | OClU |
| Modifying agency | OCoLC |
| -- | DLC |
| 050 00 - LIBRARY OF CONGRESS CALL NUMBER | |
| Classification number | QE75 |
| Item number | .P9 no. 463 |
| 100 1# - MAIN ENTRY--PERSONAL NAME | |
| Personal name | Denson, N. M. |
| Fuller form of name | (Norman MacLaren), |
| Dates associated with a name | 1914- |
| 245 10 - TITLE STATEMENT | |
| Title | Uranium-bearing lignite and carbonaceous shale in the southwestern part of the Williston Basin; |
| Remainder of title | a regional study, |
| Statement of responsibility, etc. | by N. M. Denson and J. R. Gill. With a section on Heavy minerals in Cretaceous and Tertiary rocks associated with uranium occurrences, W. A. Chisholm. |
| 260 ## - PUBLICATION, DISTRIBUTION, ETC. | |
| Place of publication, distribution, etc. | Washington, |
| Name of publisher, distributor, etc. | U.S. Govt. Print. Off., |
| Date of publication, distribution, etc. | 1965. |
| 300 ## - PHYSICAL DESCRIPTION | |
| Extent | 75 p. |
| Other physical details | illus., maps. and portfolio (8 fold. illus., 11 fold. maps (8 col.)) |
| Dimensions | 29 cm. |
| 410 20 - SERIES STATEMENT/ADDED ENTRY--CORPORATE NAME [OBSOLETE, CAN/MARC], [LOCAL, USA] | |
| Corporate name or jurisdiction name as entry element | Geological Survey (U.S.). |
| Title of a work | Professional paper, |
| Volume number/sequential designation | 463 |
| 500 ## - GENERAL NOTE | |
| General note | Prepared on behalf of the U. S. Atomic Energy Commission. |
| 504 ## - BIBLIOGRAPHY, ETC. NOTE | |
| Bibliography, etc. note | Bibliography: p. 67-71. |
| 650 #0 - SUBJECT ADDED ENTRY--TOPICAL TERM | |
| Topical term or geographic name entry element | Uranium ores |
| Geographic subdivision | West (U.S.) |
| 650 #0 - SUBJECT ADDED ENTRY--TOPICAL TERM | |
| Topical term or geographic name entry element | Geology |
| Geographic subdivision | West (U.S.) |
| 650 #0 - SUBJECT ADDED ENTRY--TOPICAL TERM | |
| Topical term or geographic name entry element | Mineralogy |
| Geographic subdivision | West (U.S.) |
| 650 #0 - SUBJECT ADDED ENTRY--TOPICAL TERM | |
| Topical term or geographic name entry element | Rocks |
| General subdivision | Analysis |
| 700 1# - ADDED ENTRY--PERSONAL NAME | |
| Personal name | Gill, James R. |
| Fuller form of name | (James Rogers), |
| Dates associated with a name | 1922-1972, |
| Relator term | joint author. |
| 700 1# - ADDED ENTRY--PERSONAL NAME | |
| Personal name | Chisholm, Wayne A. |
| Title of a work | Heavy minerals in Cretaceous and Tertiary rocks associated with uranium occurrences. |
| 740 0# - ADDED ENTRY--UNCONTROLLED RELATED/ANALYTICAL TITLE | |
| Uncontrolled related/analytical title | Williston Basin. |
No items available.